| 000 | 00389 a2200169 4500 | ||
|---|---|---|---|
| 001 | 191423 | ||
| 020 | _a85-02-02992-4 | ||
| 040 | _cMagnum | ||
| 100 | _aVilela, Antonio Carlos | ||
| 240 | 1 | 0 |
_aLelé da cuca, detetive especial _lpor |
| 245 | 1 | 0 | _aLelé da cuca, detetive especial |
| 300 | _a69 | ||
| 362 | 0 | _a1999 | |
| 440 | 1 | _aSaraiva | |
| 697 | _aLITERATURA JUVENIL | ||
| 942 | _cBK | ||
| 999 |
_c191423 _d191423 |
||